Oil spill cleanup and GIS (Record no. 17067)
[ view plain ]
| 000 -LEADER | |
|---|---|
| fixed length control field | 00881cab a2200193 4500 |
| 001 - CONTROL NUMBER | |
| control field | X2626 |
| 008 - FIXED-LENGTH DATA ELEMENTS--GENERAL INFORMATION | |
| fixed length control field | 090401t1991 xxu||||| |||| 00| 0 eng d |
| 035 ## - SYSTEM CONTROL NUMBER | |
| System control number | (Sirsi) u25415 |
| 041 ## - LANGUAGE CODE | |
| Language code of text/sound track or separate title | eng |
| 100 ## - MAIN ENTRY--PERSONAL NAME | |
| Personal name | Roth, A. |
| 245 ## - TITLE STATEMENT | |
| Title | Oil spill cleanup and GIS |
| 260 ## - PUBLICATION, DISTRIBUTION, ETC. | |
| Date of publication, distribution, etc. | 1991 |
| 350 ## - PRICE (NR) (BK AM CF MU VM SE) [OBSOLETE] | |
| Price | 0 |
| 490 ## - SERIES STATEMENT | |
| Series statement | Mapping Awareness |
| Volume/sequential designation | 5(4) May 1991, 19-23(5) |
| 520 ## - SUMMARY, ETC. | |
| Summary, etc. | Noting the volume of resources spent on the remedial treatment of oil pollution , oil slicks and the like, the article argues the case for introducing a marine geographical information system for the purposes of prediction and contingency planning . Assessment of the potential impact of an oil spill , calculations of the direction of slicks and the rate of their disperal, and marine mapping are issues covered, complete with examples. |
| 690 ## - LOCAL SUBJECT ADDED ENTRY--TOPICAL TERM (OCLC, RLIN) | |
| Topical term or geographic name as entry element | MAPPING AND MEASUREMENT |
| 942 ## - ADDED ENTRY ELEMENTS (KOHA) | |
| Suppress in OPAC | 0 |
| 948 ## - LOCAL PROCESSING INFORMATION (OCLC); SERIES PART DESIGNATOR (RLIN) | |
| c (OCLC) | 04/03/1997 |
| Withdrawn status | Lost status | Source of classification or shelving scheme | Damaged status | Not for loan | Home library | Current library | Shelving location | Date acquired | Total Checkouts | Full call number | Barcode | Date last seen | Copy number | Price effective from | Koha item type |
|---|---|---|---|---|---|---|---|---|---|---|---|---|---|---|---|
| Dewey Decimal Classification | London | London | Journal article | 14/09/1999 | X2626 | 25415-1001 | 06/08/2019 | 1 | 06/08/2019 | Journal article |